Strength of Materials (Record no. 6164)

000 -LEADER
fixed length control field 00468nam a22001937a 4500
001 - CONTROL NUMBER
control field 6164
003 - CONTROL NUMBER IDENTIFIER
control field BD-DhUET
008 - FIXED-LENGTH DATA ELEMENTS--GENERAL INFORMATION
fixed length control field 141130b xxu||||| |||| 00| 0 eng d
040 ## - CATALOGING SOURCE
Original cataloging agency DLC
Transcribing agency DLC
Modifying agency BD-DhUET
082 ## - DEWEY DECIMAL CLASSIFICATION NUMBER
Classification number 620.11
Item number KHU/1984
100 ## - MAIN ENTRY--PERSONAL NAME
Personal name Khurmi, R. S.
245 ## - TITLE STATEMENT
Title Strength of Materials
250 ## - EDITION STATEMENT
Edition statement 14th ed.
260 ## - PUBLICATION, DISTRIBUTION, ETC. (IMPRINT)
Place of publication, distribution, etc. New Delhi
Name of publisher, distributor, etc. S. Chand
Date of publication, distribution, etc. 1984
300 ## - PHYSICAL DESCRIPTION
Extent vi, 991 p.
Other physical details ill.
650 #0 - SUBJECT ADDED ENTRY--TOPICAL TERM
Topical term or geographic name as entry element Strength of materials
700 ## - ADDED ENTRY--PERSONAL NAME
Personal name Lal, Jagdish
942 ## - ADDED ENTRY ELEMENTS (KOHA)
Koha item type General Book
Holdings
Lost status Koha item type Sublocation or collection (holding branch) Withdrawn status Shelving location Piece designation (barcode) Source of classification or shelving scheme Not for loan Damaged status Koha normalized classification for sorting Koha full call number Location (home branch) Koha date last seen Price effective from Copy number Date acquired
 General BookCentral Library, BUET Circulation section58300   620_110000000000000_KHU_1984620.11/KHU/1984Central Library, BUET2014-11-302014-11-3012014-11-30
 General BookCentral Library, BUET Circulation section58299   620_110000000000000_KHU_1984620.11/KHU/1984Central Library, BUET2014-12-042014-12-0422014-12-04
 General BookCentral Library, BUET Circulation section58304   620_110000000000000_KHU_1984620.11/KHU/1984Central Library, BUET2017-01-252014-12-0432014-12-04
 General BookCentral Library, BUET Circulation section58293   620_110000000000000_KHU_1984620.11/KHU/1984Central Library, BUET2014-12-062014-12-0642014-12-06
 General BookCentral Library, BUET Circulation section39805   620_110000000000000_KHU_1984620.11/KHU/1984Central Library, BUET2014-12-062014-12-0652014-12-06
 General BookCentral Library, BUET Circulation section58305   620_110000000000000_KHU_1984620.11/KHU/1984Central Library, BUET2015-04-302015-04-3062015-04-30
 General BookCentral Library, BUET Circulation section58303   620_110000000000000_KHU_1984620.11/KHU/1984Central Library, BUET2015-04-302015-04-3072015-04-30
 Reading ItemCentral Library, BUET Reading section58306   620_110000000000000_KHU_1984620.11/KHU/1984Central Library, BUET2015-06-202015-06-2082015-06-20
 Reading ItemCentral Library, BUET Reading section58297   620_110000000000000_KHU_1984620.11/KHU/1984Central Library, BUET2015-06-282015-06-28112015-06-28
 Reading ItemCentral Library, BUET Reading section58298   620_110000000000000_KHU_1984620.11/KHU/1984Central Library, BUET2015-06-282015-06-28102015-06-28
 Reading ItemCentral Library, BUET Reading section58301   620_110000000000000_KHU_1984620.11/KHU/1984Central Library, BUET2015-06-282015-06-28112015-06-28
 Reading ItemCentral Library, BUET Reading section58296   620_110000000000000_KHU_1984620.11/KHU/1984Central Library, BUET2015-06-302015-06-30122015-06-30
 Reading ItemCentral Library, BUET Reading section58295   620_110000000000000_KHU_1984620.11/KHU/1984Central Library, BUET2015-06-302015-06-30132015-06-30
 Reading ItemCentral Library, BUET Reading section58302   620_110000000000000_KHU_1984620.11/KHU/1984Central Library, BUET2015-07-022015-07-02142015-07-02